000 01012nam a22002651u 4500
001 12311
003 HDC
007 cr bn ---
008 210209p2004 my eng
040 _aHDC
100 _aNordin Yusof,
_eauthor
_912860
245 0 _aAssessment of the reproductive performance of dairy cows undersmallholder production system /
_cby Nordin Yusof, Zaini Nasir and Wan Zahari Wan Mohamad
260 _aSerdang :
_bMalaysian Agricultural Research and Development Institute (MARDI),
_c2004
300 _a1 page
336 _atext
_2rdacontent
337 _acomputer
_2rdamedia
338 _aonline resource
_2rdacarrier
650 _aDairy cows
_912862
650 _aReproductive performance
_912861
650 _aSmallholder production system
_912863
856 _zRequest full-text at [email protected]
942 _2lcc
942 _cAR
942 _kJART 003089
999 _c9634
_d9634